LDR 00620naa#a2200169#i#450# 001 EN\\bibl\124370 005 20260604231729.4 011 ## _a2223-4608 100 ## _a20260529b2026####ek#y0engy0150####ca 102 ## _aRU 200 1# _aOptimization of the ratio of binding substance and hardener in an epoxy polymer in terms of the adhesion strength for its combination with metal _eJournal article 210 1# _aBryansk _cBryansk State Technical University _d2026 215 ## _a8 с. 608 ## _aJournal article _2local 675 ## _aантикоррозионные. 621.45.038.72 _z 700 #1 _aIlyin _gStepan Viktorovich 856 4# _anaukaru.ru _u